000 00365nam a22001217a 4500
003 OSt
008 250127b |||||||| |||| 00| 0 eng d
041 _aeng
100 _aISI
_97009
245 _aMethods of Test for Internal Combustion Engines Part 1 Glossary of Terms Relating to Test Methods IS:10000
260 _bIndian Standard Institutions,
_c1973.
942 _cBK
999 _c19150
_d19150